| 000 | 00958cab a2200337 4500 | ||
|---|---|---|---|
| 001 | ABS48002 | ||
| 008 | 090401t1993 xxu||||| |||| 00| 0 eng d | ||
| 035 | _a(Sirsi) u64382 | ||
| 041 | _aeng | ||
| 245 | _aCentrefolio: M25: Junctions 21-27 | ||
| 260 | _c1993 | ||
| 350 | _a0 | ||
| 490 |
_aCSW - The Property Week _v42(8) 25 February 1993, 36-59(12) |
||
| 650 | _aBOREHAMWOOD | ||
| 650 | _aELSTREE | ||
| 650 | _aHARROW | ||
| 650 | _aHATFIELD | ||
| 650 | _aHERTFORD | ||
| 650 | _aHERTFORDSHIRE | ||
| 650 | _aINDUSTRIAL MARKET | ||
| 650 | _aM25 CORRIDOR | ||
| 650 | _aNORTH LONDON BOROUGHS | ||
| 650 | _aPROPERTY-COMMERCIAL PROPERTY-OFFICE PROPERTY-OFFICE PROPERTY MARKET | ||
| 650 | _aPROPERTY-COMMERCIAL PROPERTY-RETAIL PROPERTY-RETAIL PROPERTY MARKET | ||
| 650 | _aST ALBANS | ||
| 650 | _aWATFORD | ||
| 650 | _aWELWYN | ||
| 690 | _aPROPERTY-COMMERCIAL PROPERTY-COMMERCIAL PROPERTY MARKET | ||
| 942 | _n0 | ||
| 948 | _c04/03/1997 | ||
| 999 |
_c40096 _d40096 |
||